000 00357nam a2200097Ia 4500
008 180130s9999 xx 000 0 und d
245 _cJakobsson, Markus; Tsow, Alex
_aIdentity theft (online chapter)
260 _c2013
300 _aBook title: Computer and information security handbook--Acession number C20545; pages 869-870
650 _aINFORMATION SECURITY
999 _c354172
_d354172